Loading...

The wreck

Bibliographic Details
Main Author: Tagore,Rabindranath
Format: Printed Book
Subjects:
LEADER 00350nam a22001097a 4500
082 |a 891.443  |b TAG/W 
100 |a Tagore,Rabindranath. 
245 |a The wreck 
650 |a Literature-Bengali. 
942 |c BK 
999 |c 101495  |d 101495 
952 |0 0  |1 0  |4 0  |6 891_443000000000000_TAG_W  |7 0  |9 95098  |a SSS  |b SSS  |c LIT  |d 2012-08-16  |l 0  |o 891.443 TAG/W  |p SSS01464  |r 2012-08-16  |w 2016-10-27  |y BK